[Event "Rijeka Paris Memorial 38th"]
[Site "Rijeka"]
[Date "2017.11.11"]
[Round "9"]
[White "Sandalic, Josip"]
[Black "Loncar, Robert"]
[Result "0-1"]
[WhiteElo "1846"]
[BlackElo "2398"]
[PlyCount "76"]
[EventDate "2017.11.04"]
[EventType "swiss"]
[EventRounds "9"]
[EventCountry "CRO"]
[SourceTitle "CBM 181 Extra"]
[Source "ChessBase"]
[SourceDate "2017.12.12"]
[SourceVersion "1"]
[SourceVersionDate "2017.12.12"]
[SourceQuality "1"]

1. d4 Nf6 2. Nf3 e6 3. c4 d5 4. Bg5 h6 5. Bh4 Bb4+ 6. Nc3 c5 7. e3 g5 8. Bg3 Ne4 9. Qc2 Qa5 10. Rc1 Qxa2 11. cxd5 exd5 12. Bb5+ Bd7 13. Bxd7+ Nxd7 14. 0-0 Bxc3 15. bxc3 Qxc2 16. Rxc2 c4 17. Rb1 Nb6 18. Ne5 f6 19. Nf3 Kd7 20. Nd2 Nxd2 21. Rxd2 Kc6 22. f3 Rhe8 23. Kf2 Na4 24. Rc2 b5 25. Ke2 Re7 26. Be1 Rae8 27. Bd2 f5 28. g3 f4 29. gxf4 gxf4 30. Rg1 fxe3 31. Rg6+ Re6 32. Rxe6+ Rxe6 33. Bxe3 a5 34. Kf2 b4 35. Bd2 b3 36. Rc1 Nb2 37. Rb1 Nd3+ 38. Kf1 b2 0-1

[Event "Rijeka Paris Memorial 36th"]
[Site "Rijeka"]
[Date "2015.07.05"]
[Round "3"]
[White "Klasan, Elvis"]
[Black "Sandalic, Josip"]
[Result "0-1"]
[WhiteElo "1992"]
[BlackElo "1858"]
[PlyCount "76"]
[EventDate "2015.07.03"]
[EventType "swiss"]
[EventRounds "9"]
[EventCountry "CRO"]
[SourceTitle "CBM 167 Extra"]
[Source "ChessBase"]
[SourceDate "2015.09.14"]
[SourceVersion "1"]
[SourceVersionDate "2015.09.14"]
[SourceQuality "1"]

1. b3 d5 2. Bb2 Bf5 3. f4 Nf6 4. Nf3 Nc6 5. e3 a6 6. Be2 Bg4 7. 0-0 e6 8. h3 Bxf3 9. Bxf3 h5 10. Qe2 h4 11. d3 Bc5 12. Nd2 Ne7 13. d4 Bd6 14. Rfd1 c6 15. c4 Rc8 16. Nf1 Nf5 17. e4 dxe4 18. Bxe4 Ne7 19. Qf3 Nxe4 20. Qxe4 Qc7 21. Bc1 Nf5 22. d5 cxd5 23. cxd5 Qc2 24. Qxc2 Rxc2 25. dxe6 Bc5+ 26. Kh2 fxe6 27. Rd2 Rxd2 28. Bxd2 Kf7 29. Rc1 Bb6 30. a4 Rd8 31. a5 Bf2 32. Be1 Bxe1 33. Rxe1 Rd4 34. g4 hxg3+ 35. Nxg3 Rd2+ 36. Re2 Nxg3 37. Rxd2 Nf1+ 38. Kg2 Nxd2 0-1

[Event "Rijeka Paris Memorial 36th"]
[Site "Rijeka"]
[Date "2015.07.03"]
[Round "1"]
[White "Sandalic, Josip"]
[Black "Plenca, Julian"]
[Result "0-1"]
[WhiteElo "1858"]
[BlackElo "2400"]
[PlyCount "76"]
[EventDate "2015.07.03"]
[EventType "swiss"]
[EventRounds "9"]
[EventCountry "CRO"]
[SourceTitle "CBM 167 Extra"]
[Source "ChessBase"]
[SourceDate "2015.09.14"]
[SourceVersion "1"]
[SourceVersionDate "2015.09.14"]
[SourceQuality "1"]

1. d4 Nf6 2. c4 g6 3. Nc3 d5 4. cxd5 Nxd5 5. e4 Nb6 6. Nf3 Bg7 7. Be2 0-0 8. h3 c5 9. Be3 cxd4 10. Bxd4 Bh6 11. 0-0 Nc6 12. Bxb6 Qxb6 13. Qb3 Qxb3 14. axb3 Bg7 15. Rfd1 Be6 16. Bc4 Bxc4 17. bxc4 Bxc3 18. bxc3 Rfd8 19. c5 e5 20. g4 Rxd1+ 21. Rxd1 a5 22. Rb1 a4 23. Nd2 Ra5 24. Ra1 Rxc5 25. Rxa4 Rxc3 26. Kg2 b5 27. Ra2 Nd4 28. Rb2 Kf8 29. g5 Ke7 30. Nb1 Rd3 31. Nd2 Kd6 32. Nf1 Kc5 33. Ne3 b4 34. Ng4 Nc6 35. Kf1 Rxh3 36. Ne3 Rh1+ 37. Ke2 Nd4+ 38. Kd3 Rc1 0-1

[Event "Rijeka Liburnija op"]
[Site "Rijeka"]
[Date "2014.01.24"]
[Round "9"]
[White "Sandalic, Josip"]
[Black "Monjac, Mislav"]
[Result "0-1"]
[WhiteElo "1866"]
[BlackElo "2148"]
[PlyCount "34"]
[EventDate "2014.01.17"]
[EventType "swiss"]
[EventRounds "9"]
[EventCountry "CRO"]
[SourceTitle "CBM 158 Extra"]
[Source "ChessBase"]
[SourceDate "2014.02.28"]
[SourceVersion "1"]
[SourceVersionDate "2014.02.28"]
[SourceQuality "1"]

1. d4 Nf6 2. c4 e6 3. Nc3 Bb4 4. Bd2 b6 5. e3 Bb7 6. Nf3 0-0 7. Bd3 Bxc3 8. Bxc3 Ne4 9. Qc2 f5 10. 0-0 Nxc3 11. bxc3 Bxf3 12. gxf3 Qh4 13. f4 Qg4+ 14. Kh1 Qf3+ 15. Kg1 Rf6 16. Rfe1 Qh3 17. f3 Rg6+ 0-1

[Event "Rijeka Liburnija op"]
[Site "Rijeka"]
[Date "2014.01.18"]
[Round "2"]
[White "Sandalic, Josip"]
[Black "Klobucar, Dean"]
[Result "0-1"]
[WhiteElo "1866"]
[BlackElo "2159"]
[PlyCount "52"]
[EventDate "2014.01.17"]
[EventType "swiss"]
[EventRounds "9"]
[EventCountry "CRO"]
[SourceTitle "CBM 158 Extra"]
[Source "ChessBase"]
[SourceDate "2014.02.28"]
[SourceVersion "1"]
[SourceVersionDate "2014.02.28"]
[SourceQuality "1"]

1. d4 Nf6 2. Nf3 g6 3. c4 c5 4. d5 Bg7 5. Nc3 0-0 6. e4 d6 7. h3 a6 8. Be2 e6 9. a4 exd5 10. cxd5 Re8 11. Qc2 Qe7 12. Bg5 h6 13. Bxf6 Bxf6 14. Nd2 Nd7 15. 0-0 Rf8 16. f4 Bg7 17. Bd3 Nf6 18. Rf3 Bd7 19. Re1 b5 20. b3 Nh5 21. Nd1 Qh4 22. Ref1 Bd4+ 23. Kh2 Nxf4 24. Nf2 Be5 25. Kg1 Qg5 26. Re1 Qxg2# 0-1